000 00515nam a22001817a 4500
005 20251108165436.0
008 250721s1982 xx 000 0 ara d
082 1 4 _a214.2/عبد
100 1 _aبدوي، عبد السلام محمد
245 1 0 _aمن أنباء الرسل /
264 1 _aالقاهره :
_bدار الشعب،
_c1982.
300 _a
490 0 _aكتاب الشعب
650 1 7 _aالإسلام
650 1 7 _aأصول الدين الإسلامي
942 _2ddc
_cBK
999 _c28009
_d28009